[Event "ECU-ch U18 Girls"]
[Site "Riobamba"]
[Date "2023.04.12"]
[Round "1"]
[White "Tapia Morocho, Alison Micaela"]
[Black "Jurado Grefa, Heidy Eliana"]
[Result "1-0"]
[WhiteElo "1127"]
[BlackElo "1453"]
[PlyCount "119"]
[EventDate "2023.04.12"]
[EventType "swiss"]
[EventRounds "9"]
[EventCountry "ECU"]
[SourceTitle "EXT 2024"]
[Source "ChessBase"]
[SourceDate "2023.10.10"]
[SourceVersion "1"]
[SourceVersionDate "2023.10.10"]
[SourceQuality "1"]

1. e4 e6 2. d4 d5 3. Nd2 Nf6 4. e5 Nfd7 5. g3 c5 6. c3 Nc6 7. Ne2 cxd4 8. cxd4 Qb6 9. Nb3 f6 10. f4 Be7 11. Bh3 Na5 12. Nc3 Nc4 13. Qg4 fxe5 14. fxe5 Rf8 15. Rf1 Rxf1+ 16. Kxf1 Nf8 17. Qxg7 Bd7 18. Bg5 Bxg5 19. Qxg5 Nxb2 20. Nc5 Qb4 21. Rc1 b6 22. Nb7 Qe7 23. Nd6+ Kd8 24. Nb7+ Ke8 25. Nd6+ Kd8 26. Qxe7+ Kxe7 27. Ke2 Nc4 28. Nxc4 dxc4 29. d5 b5 30. Rf1 b4 31. d6+ Ke8 32. Ne4 Bb5 33. Rc1 c3+ 34. Kd1 Ba4+ 35. Ke2 Rc8 36. Kd3 Bb5+ 37. Kc2 Bc4 38. a3 b3+ 39. Kxc3 Bd5+ 40. Kb2 Rxc1 41. Nf6+ Kd8 42. Kxc1 Ng6 43. Nxd5 exd5 44. e6 Ne5 45. Kb2 Nc4+ 46. Kxb3 Nxd6 47. Bg2 d4 48. Bd5 Ke7 49. Kc2 Nf5 50. Kd3 Ne3 51. Be4 h6 52. h3 Kxe6 53. Kxd4 Nf1 54. g4 Kd6 55. h4 Nh2 56. g5 hxg5 57. hxg5 Ng4 58. g6 Nf6 59. g7 Ke7 60. Bd5 1-0